On law and justice (Record no. 427277)

000 -LEADER
fixed length control field 00330cam a22001337a 4500
008 - FIXED-LENGTH DATA ELEMENTS--GENERAL INFORMATION
fixed length control field 180718b1958 xxu||||| |||| 00| 0 eng d
082 ## - DEWEY DECIMAL CLASSIFICATION NUMBER
Classification number G91 R733
100 ## - MAIN ENTRY--PERSONAL NAME
Personal name Ross, Alf
245 ## - TITLE STATEMENT
Title On law and justice
Statement of responsibility, etc. by Alf Ross
260 ## - PUBLICATION, DISTRIBUTION, ETC.
Place of publication, distribution, etc. London
Name of publisher, distributor, etc. Stevens
Date of publication, distribution, etc. 1958
300 ## - PHYSICAL DESCRIPTION
Extent 383p
650 ## - SUBJECT ADDED ENTRY--TOPICAL TERM
Topical term or geographic name entry element Law --Philosophy
650 ## - SUBJECT ADDED ENTRY--TOPICAL TERM
Topical term or geographic name entry element Jurisprudence
Holdings
Withdrawn status Lost status Damaged status Not for loan Permanent Location Current Location Date acquired Full call number Barcode Date last seen Price effective from Koha item type
        Indian Institute of Public Administration Indian Institute of Public Administration 2009-11-13 G91 R733 18959 2018-07-21 2018-07-21 Book
        Indian Institute of Public Administration Indian Institute of Public Administration 2009-11-13 G91 R733 16566 2018-07-21 2018-07-21 Book
        Indian Institute of Public Administration Indian Institute of Public Administration 2009-11-13 G91 R733 16565 2018-07-21 2018-07-21 Book

Powered by Koha